Представление документа в формате RUSMARC

ПолеНазваниеЗначение
  Тип записи a
  Библиографический уровень m
001 Контрольный номер RU\NLR\BIBL_A\022309820
005 Дата корректировки 20260421100551.8
010 Индекс ISBN __
a ISBN 978-5-6050774-4-2
9 Тираж 3000 экз.
b Уточнения в пер.
100 Данные общей обработки __
a Данные общей обработки 20260401d2024 u y0rusa50 ca
101 Язык документа 0_
a Язык текста rus
102 Страна публикации __
a Страна публикации RU
105 Кодированные данные (монография) __
a Кодированные данные (монография) a j 000zy
200 Заглавие и сведения об ответственности 1_
a Заглавие Левша
e Сведения, относящиеся к заглавию сказ о тульском косом левше и о стальной блохе
e Сведения, относящиеся к заглавию подробный иллюстрированный комментарий
e Сведения, относящиеся к заглавию учебное пособие
f Первые сведения об ответственности Николай Лесков
g Последующие сведения об ответственности иллюстрации Н. В. Кузьмина
g Последующие сведения об ответственности текст комментариев, подбор иллюстраций Оксаны Бариновой
203 Вид содержания и тип средства __
a Вид содержания Текст
a Вид содержания Изображение
b Характеристика содержания визуальные
c Тип средства непосредственные
210 Выходные данные 1_
a Место издания Москва
c Издательство Проспект
c Издательство Блок-Принт
d Дата издания 2024
215 Физическое описание __
a Объем 151 с.
c Иллюстрации/тип воспроизводства ил., цв. ил., карта, портр., факс.
d Формат 24 см
225 Серия 1_
a Серия Книга в книге
333 Примечание о целевом назначении __
a Примечание о целевом назначении 12+
606 Тематические рубрики 0_
a Основная рубрика Русская литература
z Хронологическая подрубрика 19 в.
606 Тематические рубрики 0_
a Основная рубрика Проза (х. л.)
610 Ключевые слова 0_
a Ключевые слова русская литература 19 в.; проза русская
686 Индексы других классификаций __
a Классификационный индекс 83.3(2=Рус)5-8
2 Код системы rubbk
686 Индексы других классификаций __
a Классификационный индекс 84Р1-4
2 Код системы rubbk
700 Автор _1
a Фамилия Лесков
b Имя (инициалы) Н. С.
f Даты 1831-1895
g Полное личное имя Николай Семенович
702 Вторичная интеллектуальная ответственность _1
a Фамилия Кузьмин
b Имя (инициалы) Н. В.
c Титул (звания) художник
f Даты 1890-1987
g Полное личное имя Николай Васильевич
4 Код отношения 440
702 Вторичная интеллектуальная ответственность _1
a Фамилия Баринова
b Имя (инициалы) О.
g Полное личное имя Оксана
4 Код отношения 210
801 Источник записи _0
a Страна RU
b Организация NLR
c Дата составления 20240829
g Правила каталогизации RCR
801 Источник записи _1
a Страна RU
b Организация NLR
c Дата составления 20240829
2 Код формата rusmarc
801 Источник записи _2
a Страна RU
b Организация Ульяновская ОНБ
c Дата составления 20260401
g Правила каталогизации RCR
900 Электронные ресурсы __
a Имя электронного ресурса проспект20260007
900 Электронные ресурсы __
a Имя электронного ресурса проспект20260008
901 Тип документа __
t Тип документа m
909 Создатель записи __
a Создатель записи Макушик
b Дата создания записи 20260401
910 Корректоры записи __
a Корректор записи Пряхина
b Дата внесения изменения в запись 20260421